000 01201nam a2200313 a 4500
001 000016782
005 20260224100502.0
008 100310s2005 dr ac 001 0 spa d
020 _a9993492426
040 _aDO-SdBNP
_bspa
_cBNPHU
082 _a306.874
_bS586p
100 1 _aSivestre del Rosario, Juan Isidro,
_937188
245 1 3 _aLa paternidad responsable :
_bprincipios que los padres deben conocer para ayudar a sus hijos en la formación de su caráter /
_cJuan Isidro Sivestre del Rosario ; prólogo Jorge A. Peguero.
260 _aSanto Domingo :
_bEl Remanente,
_c2005.
300 _av. :
_bil., retrs. ;
_c22 cm.
500 _aIncluye datos biográficos del autor en la contracubierta
500 _aLa biblioteca posee el vo. 1
504 _aIncluye bibliografía (p. 108)
650 4 _aPadres e hijos
_9796
650 4 _aManejo de níños
_9799
650 4 _aPaternidad (teología cristiana)
_937189
650 4 _aEducación para la vida familiar
_92729
650 4 _aDisciplina infantil
_937190
650 4 _aEducación en el hogar
_9798
650 0 _aCrianza de niños
_94212
650 0 _aVida cristiana
_9668
700 1 _aPeguero, Jorge A.
_epról.
_937191
049 _aBNPD
999 _c16314
_d16314